Elementary mechanics of solids (Record no. 4447)

000 -LEADER
fixed length control field 00558nam a2200217 a 4500
001 - CONTROL NUMBER
control field 4447
003 - CONTROL NUMBER IDENTIFIER
control field BD-DhUET
008 - FIXED-LENGTH DATA ELEMENTS--GENERAL INFORMATION
fixed length control field 810420t19811980nyua b 001 0 eng
020 ## - INTERNATIONAL STANDARD BOOK NUMBER
International Standard Book Number 085226819X
040 ## - CATALOGING SOURCE
Original cataloging agency DLC
Transcribing agency DLC
Modifying agency BD-DhUET
082 ## - DEWEY DECIMAL CLASSIFICATION NUMBER
Classification number 531
Item number SIN/1980
100 ## - MAIN ENTRY--PERSONAL NAME
Personal name Singh, Pashupati Nath
245 10 - TITLE STATEMENT
Title Elementary mechanics of solids
250 ## - EDITION STATEMENT
Edition statement 1st ed.
260 ## - PUBLICATION, DISTRIBUTION, ETC. (IMPRINT)
Place of publication, distribution, etc. New Delhi
Name of publisher, distributor, etc. Wiley Eastern
Date of publication, distribution, etc. 1980
300 ## - PHYSICAL DESCRIPTION
Extent xvi, 616p.
Other physical details ill.
504 ## - BIBLIOGRAPHY, ETC. NOTE
Bibliography, etc Includes bibliographies
650 #0 - SUBJECT ADDED ENTRY--TOPICAL TERM
Topical term or geographic name as entry element Mechanics of solids
700 ## - ADDED ENTRY--PERSONAL NAME
Personal name Jha, Prem Kumar
942 ## - ADDED ENTRY ELEMENTS (KOHA)
Koha item type General Book
Holdings
Not for loan Sublocation or collection (holding branch) Koha normalized classification for sorting Copy number Koha date last seen Koha item type Withdrawn status Date acquired Piece designation (barcode) Lost status Damaged status Price effective from Koha full call number Location (home branch) Source of classification or shelving scheme Shelving location
 Central Library, BUET531_000000000000000_SIN_198012014-11-16General Book 2014-11-1659249  2014-11-16531/SIN/1980Central Library, BUET Circulation section
 Central Library, BUET531_000000000000000_SIN_198022015-03-10General Book 2015-03-1059250  2015-03-10531/SIN/1980Central Library, BUET Circulation section
 Central Library, BUET531_000000000000000_SIN_198032015-03-10General Book 2015-03-1059252  2015-03-10531/SIN/1980Central Library, BUET Circulation section
 Central Library, BUET531_000000000000000_SIN_198042015-03-10General Book 2015-03-1059245  2015-03-10531/SIN/1980Central Library, BUET Circulation section
 Central Library, BUET531_000000000000000_SIN_198052015-03-10General Book 2015-03-1059246  2015-03-10531/SIN/1980Central Library, BUET Circulation section
 Central Library, BUET531_000000000000000_SIN_198062015-03-11General Book 2015-03-11   2015-03-11531/SIN/1980Central Library, BUET  
 Central Library, BUET531_000000000000000_SIN_198072015-03-11General Book 2015-03-1159248  2015-03-11531/SIN/1980Central Library, BUET Circulation section
 Central Library, BUET531_000000000000000_SIN_198082015-03-11General Book 2015-03-1157348  2015-03-11531/SIN/1980Central Library, BUET Circulation section
 Central Library, BUET531_000000000000000_SIN_198092016-03-27General Book 2015-03-2255367  2015-03-22531/SIN/1980Central Library, BUET Circulation section
 Central Library, BUET531_000000000000000_SIN_1980102015-06-08Reading Item 2015-06-0859244  2015-06-08531/SIN/1980Central Library, BUET Reading section
 Central Library, BUET531_000000000000000_SIN_1980112015-06-08Reading Item 2015-06-0859243  2015-06-08531/SIN/1980Central Library, BUET Reading section